Mastering microsoft office 2000 professional edition. / (Record no. 6576)
[ view plain ]
| 000 -LEADER | |
|---|---|
| fixed length control field | 00884nam a22001697a 4500 |
| 008 - FIXED-LENGTH DATA ELEMENTS--GENERAL INFORMATION | |
| fixed length control field | 180417b xxu||||| |||| 00| 0 eng d |
| 020 ## - INTERNATIONAL STANDARD BOOK NUMBER | |
| International Standard Book Number | 0782123139 |
| 050 ## - LIBRARY OF CONGRESS CALL NUMBER | |
| Classification number | HF 5548.4.M525 C678 |
| 100 ## - MAIN ENTRY--PERSONAL NAME | |
| Personal name | Courter, Gini |
| 245 ## - TITLE STATEMENT | |
| Title | Mastering microsoft office 2000 professional edition. / |
| Statement of responsibility, etc. | Gini Courter |
| 260 ## - PUBLICATION, DISTRIBUTION, ETC. | |
| Place of publication, distribution, etc. | San Francisco: |
| Name of publisher, distributor, etc. | Sybex Inc; |
| Date of publication, distribution, etc. | 1999. |
| 300 ## - PHYSICAL DESCRIPTION | |
| Extent | xxxiv, 1164p. : ill. : |
| Dimensions | 25cm |
| 500 ## - GENERAL NOTE | |
| General note | Includes index. |
| 505 ## - FORMATTED CONTENTS NOTE | |
| Formatted contents note | Contents: Introduction: Part I: Working in Office 2000 -- Part II: Creating dazzling document in Word -- Part III: And now, presenting Powerpoint! -- Part IV: Getting organized with outlook -- Part V: Number crunching with Excel -- Part VI: Access for the nonprogrammer -- Part VII: Using the office data analysis tools -- Part VIII: Integration and automation -- Part IX: Publishing with office. |
| 700 ## - ADDED ENTRY--PERSONAL NAME | |
| Personal name | Marquis, Annette. |
| 942 ## - ADDED ENTRY ELEMENTS (KOHA) | |
| Source of classification or shelving scheme | Library of Congress Classification |
| Koha item type | Books |
| Withdrawn status | Lost status | Source of classification or shelving scheme | Damaged status | Not for loan | Home library | Current library | Shelving location | Date acquired | Total Checkouts | Full call number | Barcode | Date last seen | Copy number | Price effective from | Koha item type |
|---|---|---|---|---|---|---|---|---|---|---|---|---|---|---|---|
| Library of Congress Classification | WISCONSIN INTERNATIONAL UNIVERSITY COLLEGE, GHANA - MAIN LIBRARY | WISCONSIN INTERNATIONAL UNIVERSITY COLLEGE, GHANA - MAIN LIBRARY | Reference | 17/04/2018 | HF 5548.4.M525 C678 | 8205/023/18 | 17/04/2018 | 1 | 17/04/2018 | Books |
